U.S. States Neighbor Connect: Population Edition - Statistics

General Stats
  • This quiz has been taken 227 times
  • The average score is 32 of 48
Answers on the Map
Answers color-coded by a green-red scale on the quiz's map according to % correct below.
 
Answer Stats
State % Correct
California
100%
Arizona
94%
Colorado
92%
Louisiana
90%
Oklahoma
90%
Texas
90%
Alabama
88%
Arkansas
88%
Florida
88%
Georgia
88%
Tennessee
88%
Mississippi
86%
North Carolina
79%
Virginia
79%
Maryland
77%
New York
75%
Pennsylvania
75%
New Jersey
74%
Connecticut
72%
Delaware
72%
Massachusetts
72%
Rhode Island
72%
New Hampshire
69%
Maine
67%
Ohio
66%
Vermont
66%
Michigan
64%
Illinois
63%
Indiana
63%
Missouri
61%
Kentucky
59%
West Virginia
58%
Iowa
57%
Wisconsin
55%
Minnesota
52%
South Dakota
50%
Kansas
48%
Nebraska
48%
Wyoming
43%
Nevada
41%
Oregon
41%
Utah
41%
Idaho
40%
Montana
40%
North Dakota
40%
Washington
40%
New Mexico
38%
South Carolina
37%
No matching quizzes found
Score Distribution
Percent of People with Each Score
Percentile by Number Answered
Your Score History
You have not taken this quiz